[Event "LSS RE-2009-0-00027"]
[Site "LSS email"]
[Date "2009.09.06"]
[Round "?"]
[White "Cook, Phil"]
[Black "Ramirez Hernandez, Hugo"]
[Result "0-1"]
[WhiteElo "1217"]
[BlackElo "1364"]
[PlyCount "38"]
[EventDate "2009.05.16"]
[EventType "tourn (corr)"]
[EventRounds "6"]
[EventCountry "GER"]
[SourceTitle "Corr 2011"]
[Source "ChessBase"]
[SourceDate "2010.08.31"]
[SourceVersion "1"]
[SourceVersionDate "2010.08.31"]
[SourceQuality "1"]

1. Nf3 d5 2. d4 Nf6 3. c4 c6 4. cxd5 cxd5 5. Nc3 Bg4 6. Ne5 Bf5 7. h3 e6 8. g4 Bg6 9. Bg5 Be7 10. Nxg6 hxg6 11. Qa4+ Nbd7 12. Bg2 Qb6 13. Bc1 Rc8 14. e4 dxe4 15. Nxe4 Nxe4 16. Bxe4 Bb4+ 17. Kf1 Qxd4 18. Bxb7 Rc7 19. Bc6 Qc4+ 0-1

[Event "LSS RE-2009-0-00027"]
[Site "LSS email"]
[Date "2009.08.19"]
[Round "?"]
[White "Ramirez Hernandez, Hugo"]
[Black "Drobotov, Gennady Sergeevich"]
[Result "1-0"]
[WhiteElo "1364"]
[BlackElo "1232"]
[PlyCount "47"]
[EventDate "2009.05.16"]
[EventType "tourn (corr)"]
[EventRounds "6"]
[EventCountry "GER"]
[SourceTitle "Corr 2011"]
[Source "ChessBase"]
[SourceDate "2010.08.31"]
[SourceVersion "1"]
[SourceVersionDate "2010.08.31"]
[SourceQuality "1"]

1. d4 c6 2. c4 d5 3. Nc3 Nf6 4. Nf3 e6 5. Bg5 Be7 6. e3 0-0 7. Rc1 Ne4 8. Bxe7 Qxe7 9. Bd3 Nxc3 10. Rxc3 Nd7 11. 0-0 Nf6 12. Ne5 dxc4 13. Rxc4 Nd5 14. Be4 Nf6 15. Bf3 Nd5 16. Qb3 Nb6 17. Rc3 Nd5 18. Rc5 f6 19. Nd3 a6 20. Rfc1 Rb8 21. Rxc6 Bd7 22. R6c5 Qd6 23. Bxd5 exd5 24. Rxd5 1-0

[Event "LSS WC-2013-P-00020"]
[Site "LSS email"]
[Date "2009.02.14"]
[Round "?"]
[White "Negyesy, Gyorgy"]
[Black "Ramirez Hernandez, Hugo"]
[Result "1-0"]
[WhiteElo "1978"]
[BlackElo "1364"]
[PlyCount "83"]
[EventDate "2009.02.18"]
[EventType "tourn (corr)"]
[EventRounds "6"]
[EventCountry "GER"]
[SourceTitle "Corr 2011"]
[Source "ChessBase"]
[SourceDate "2010.08.31"]
[SourceVersion "1"]
[SourceVersionDate "2010.08.31"]
[SourceQuality "1"]

1. c4 c5 2. Nf3 Nf6 3. Nc3 Nc6 4. d4 cxd4 5. Nxd4 e6 6. Ndb5 d5 7. cxd5 Nxd5 8. Nxd5 exd5 9. Qxd5 Qxd5 10. Nc7+ Kd7 11. Nxd5 Bd6 12. Bf4 Bxf4 13. Nxf4 Nb4 14. Rd1+ Kc7 15. e3 Bf5 16. a3 Nc6 17. Nd5+ Kb8 18. Bd3 Bxd3 19. Rxd3 b6 20. Ke2 Kb7 21. Rc1 Rac8 22. Rdc3 Rhe8 23. Nb4 Nd4+ 24. Kd2 Rxc3 25. Rxc3 Nf5 26. g4 Nd6 27. f3 a5 28. Nd5 Rc8 29. Rxc8 Nxc8 30. h4 Kc6 31. e4 Nd6 32. Kd3 Nb7 33. Kd4 Nc5 34. b4 Ne6+ 35. Kd3 f6 36. Kc4 b5+ 37. Kd3 axb4 38. axb4 Kd6 39. f4 h6 40. h5 Nd8 41. Nc3 Kc6 42. Ne2 1-0

[Event "LSS WC-2013-P-00020"]
[Site "LSS email"]
[Date "2009.02.14"]
[Round "?"]
[White "Ramirez Hernandez, Hugo"]
[Black "Lazan, Rastislav"]
[Result "0-1"]
[WhiteElo "1391"]
[BlackElo "2177"]
[PlyCount "48"]
[EventDate "2009.02.18"]
[EventType "tourn (corr)"]
[EventRounds "6"]
[EventCountry "GER"]
[SourceTitle "Corr 2011"]
[Source "ChessBase"]
[SourceDate "2010.08.31"]
[SourceVersion "1"]
[SourceVersionDate "2010.08.31"]
[SourceQuality "1"]

1. c4 Nf6 2. Nf3 e6 3. g3 d5 4. Bg2 Be7 5. 0-0 0-0 6. b3 b6 7. Bb2 Bb7 8. d3 c5 9. e3 Nc6 10. Nbd2 Qc7 11. a3 Rfd8 12. Qc2 h6 13. Rfe1 Rac8 14. Rac1 dxc4 15. Nxc4 b5 16. Nce5 Nxe5 17. Bxe5 Qb6 18. Red1 Bc6 19. Rb1 Qb7 20. e4 Qa6 21. Ne1 c4 22. dxc4 Rxd1 23. Rxd1 bxc4 24. bxc4 Ba4 0-1

[Event "LSS WC-2013-P-00020"]
[Site "LSS email"]
[Date "2009.02.14"]
[Round "?"]
[White "Ramirez Hernandez, Hugo"]
[Black "Linke, Marius"]
[Result "1-0"]
[WhiteElo "1432"]
[BlackElo "2141"]
[PlyCount "33"]
[EventDate "2009.02.18"]
[EventType "tourn (corr)"]
[EventRounds "6"]
[EventCountry "GER"]
[SourceTitle "Corr 2011"]
[Source "ChessBase"]
[SourceDate "2010.08.31"]
[SourceVersion "1"]
[SourceVersionDate "2010.08.31"]
[SourceQuality "1"]

1. d4 Nf6 2. c4 g6 3. Nc3 Bg7 4. Nf3 0-0 5. g3 d6 6. Bg2 Nc6 7. 0-0 a6 8. e4 Bg4 9. Be3 Nd7 10. Qd2 Bxf3 11. Bxf3 e5 12. dxe5 Ndxe5 13. Be2 Qd7 14. f3 f5 15. exf5 Qxf5 16. Rae1 Rae8 17. Nd5 1-0

[Event "LSS SE-2008-0-00014"]
[Site "LSS email"]
[Date "2009.01.07"]
[Round "?"]
[White "Ramirez Hernandez, Hugo"]
[Black "Davidson, Eric"]
[Result "1-0"]
[WhiteElo "1473"]
[BlackElo "960"]
[PlyCount "27"]
[EventDate "2008.12.28"]
[EventType "tourn (corr)"]
[EventRounds "6"]
[EventCountry "GER"]
[SourceTitle "Corr 2013"]
[Source "ChessBase"]
[SourceDate "2012.11.12"]
[SourceVersion "1"]
[SourceVersionDate "2012.11.12"]
[SourceQuality "1"]
[WhiteTeam "US of America"]
[BlackTeam "US of America"]
[WhiteTeamCountry "USA"]
[BlackTeamCountry "USA"]

1. d4 d5 2. c4 c5 3. cxd5 Qxd5 4. Nf3 Nc6 5. Nc3 Qd8 6. d5 Nb4 7. e4 e6 8. a3 Na6 9. Bb5+ Bd7 10. Bxd7+ Qxd7 11. Ne5 Qd6 12. Qa4+ Ke7 13. Bf4 Qb6 14. Qd7+ 1-0

[Event "LSS RD-2008-0-00012"]
[Site "LSS email"]
[Date "2008.12.02"]
[Round "?"]
[White "Henke, Simon"]
[Black "Ramirez Hernandez, Hugo"]
[Result "1/2-1/2"]
[WhiteElo "1530"]
[BlackElo "1405"]
[PlyCount "34"]
[EventDate "2008.11.19"]
[EventType "tourn (corr)"]
[EventRounds "6"]
[EventCountry "GER"]
[SourceTitle "Corr 2013"]
[Source "ChessBase"]
[SourceDate "2012.11.12"]
[SourceVersion "1"]
[SourceVersionDate "2012.11.12"]
[SourceQuality "1"]

1. b4 e5 2. Bb2 Bxb4 3. Bxe5 Nf6 4. c4 Nc6 5. Bb2 d5 6. cxd5 Qxd5 7. Nf3 Qf5 8. Nc3 Be6 9. a3 Bd6 10. e3 a6 11. Be2 0-0 12. 0-0 Qh5 13. d4 Bg4 14. g3 Na5 15. Re1 Nc4 16. Bc1 Rae8 17. Nd2 Bxe2 1/2-1/2

[Event "LSS RN-2008-0-00148"]
[Site "LSS email"]
[Date "2008.08.24"]
[Round "?"]
[White "Ramirez Hernandez, Hugo"]
[Black "Trevis, Robert R"]
[Result "1-0"]
[WhiteElo "1473"]
[BlackElo "650"]
[PlyCount "61"]
[EventDate "2008.08.19"]
[EventType "tourn (corr)"]
[EventRounds "6"]
[EventCountry "GER"]
[SourceTitle "Corr 2015"]
[Source "ChessBase"]
[SourceDate "2015.07.17"]
[SourceVersion "1"]
[SourceVersionDate "2015.07.17"]
[SourceQuality "1"]

1. d4 d5 2. c4 c6 3. Nc3 Nf6 4. Nf3 dxc4 5. e4 g5 6. Nxg5 h6 7. Nf3 Be6 8. d5 cxd5 9. exd5 Bxd5 10. Nxd5 Nxd5 11. Bxc4 e6 12. Qd4 Bb4+ 13. Bd2 Bxd2+ 14. Nxd2 Rg8 15. 0-0 Nc6 16. Qe4 Rg5 17. f4 Qb6+ 18. Kh1 Rf5 19. g4 Nf6 20. Qg2 Rc5 21. g5 Nd5 22. gxh6 0-0-0 23. h7 Qxb2 24. Qf2 Nd4 25. Rab1 Qc3 26. Ne4 Qxc4 27. Nxc5 Qxc5 28. Rfc1 Nc3 29. Qg2 Nc6 30. Qf3 Qf5 31. Qxc3 1-0

[Event "LSS RN-2008-0-00148"]
[Site "LSS email"]
[Date "2008.08.23"]
[Round "?"]
[White "Albesa, Lautaro"]
[Black "Ramirez Hernandez, Hugo"]
[Result "0-1"]
[WhiteElo "967"]
[BlackElo "1473"]
[PlyCount "70"]
[EventDate "2008.08.19"]
[EventType "tourn (corr)"]
[EventRounds "6"]
[EventCountry "GER"]
[SourceTitle "Corr 2013"]
[Source "ChessBase"]
[SourceDate "2012.11.12"]
[SourceVersion "1"]
[SourceVersionDate "2012.11.12"]
[SourceQuality "1"]

1. e4 c6 2. d4 d5 3. Nc3 dxe4 4. Nxe4 Bf5 5. Ng3 Bg6 6. Nf3 h6 7. Ne5 Bh7 8. Qf3 Nf6 9. Bd3 Qxd4 10. Bxh7 Qxe5+ 11. Be4 Nxe4 12. Qxe4 Qxe4+ 13. Nxe4 Nd7 14. Bd2 Rd8 15. 0-0-0 e6 16. Bf4 Nc5 17. Nxc5 Rxd1+ 18. Rxd1 Bxc5 19. f3 Ke7 20. a3 Rd8 21. Rxd8 Kxd8 22. Kd2 Kd7 23. Kd3 g5 24. Bd2 Bd6 25. h3 f5 26. Be3 b6 27. b4 c5 28. c3 Kc6 29. Kc4 b5+ 30. Kd3 e5 31. g3 a6 32. Kc2 Kd5 33. Kd3 e4+ 34. fxe4+ fxe4+ 35. Kd2 cxb4 0-1

[Event "LSS RN-2008-0-00148"]
[Site "LSS email"]
[Date "2008.08.23"]
[Round "?"]
[White "Ramirez Hernandez, Hugo"]
[Black "Ruslin, Alexey"]
[Result "1/2-1/2"]
[WhiteElo "1473"]
[BlackElo "1000"]
[PlyCount "41"]
[EventDate "2008.08.19"]
[EventType "tourn (corr)"]
[EventRounds "6"]
[EventCountry "GER"]
[SourceTitle "Corr 2013"]
[Source "ChessBase"]
[SourceDate "2012.11.12"]
[SourceVersion "1"]
[SourceVersionDate "2012.11.12"]
[SourceQuality "1"]

1. Nf3 d5 2. c4 Nf6 3. g3 Bf5 4. Bg2 e6 5. 0-0 Be7 6. b3 0-0 7. Bb2 Nbd7 8. cxd5 exd5 9. d3 Re8 10. Qc2 c6 11. Nbd2 Bd6 12. Rfe1 Qc7 13. Rac1 Re7 14. Nd4 Be6 15. Nb5 Qb8 16. Nxd6 Qxd6 17. e4 dxe4 18. Nxe4 Nxe4 19. dxe4 Qc7 20. Qc3 f6 21. f4 1/2-1/2